| 000 | 01471cam a22003857a 4500 | ||
|---|---|---|---|
| 003 | CHAP | ||
| 005 | 20220329142345.0 | ||
| 008 | 000921d1999 mx r 00110 spa d | ||
| 010 | _a82303 | ||
| 011 | _a83275 | ||
| 035 | _a93786 | ||
| 040 | _cCHAP | ||
| 090 | _aFolleto 16043 | ||
| 100 | 0 | 0 |
_aMendoza Ramírez, Manuel. _974727 |
| 245 | 1 | 0 |
_aAnálisis exploratorio de la información del seguro de vida en México 1991-1998 _c/por Manuel Mendoza Ramírez, Ana María Madrigal Gómez y Evangelina Martínez Torres |
| 260 |
_aMéxico, D. F. : _bSecretaría de Hacienda y Crédito Público. Comisión Nacional de Seguros y Fianzas, _c1999. |
||
| 300 | _a47 p. | ||
| 410 | _aComisión Nacional de Seguros y Fianzas | ||
| 490 | 0 |
_aDocumentos de trabajo _v; 76 |
|
| 590 |
_aBATCH-UPD _b10 _c20130110 _lUCH01 _h0228 |
||
| 590 |
_aBATCH-UPD _b10 _c20130110 _lUCH01 _h2115 |
||
| 590 |
_aBATCH-UPD _b10 _c20130409 _lUCH01 _h2251 |
||
| 590 |
_aBATCH-UPD _b10 _c20130410 _lUCH01 _h1426 |
||
| 590 |
_aBATCH-UPD _b10 _c20130914 _lUCH01 _h1018 |
||
| 590 |
_aCONVERSION _b10 _c20130109 _lUCH01 _h1346 |
||
| 650 | 1 | 4 |
_aSeguros de vida. _9103736 |
| 700 | 0 |
_aMadrigal Gómez, Ana María. _969727 |
|
| 700 | 0 |
_aMartínez Torres, Evangelina. _972559 |
|
| 810 | 0 | 0 |
_aComisión Nacional de Seguros y Fianzas _925801 |
| 830 | 0 |
_aDocumentos de trabajo _v; 76 _933268 |
|
| 901 | _aBK | ||
| 905 | _aLilia Sánchez G. | ||
| 942 | _cFOLL | ||
| 949 |
_aFolleto 16043 _bBC _cFOLL _d937861 _eTS1 _i93786 _sb |
||
| 999 |
_c82303 _d82303 |
||